00273nam a2200121Ia 4500008004100000100001400041245003200055260002200087300000800109650001000117942000700127999001700134190216s9999||||xx |||||||||||||| ||und|| aUsha Jain 0aDo Sau Gyarah Laghu Kathain bSchool Timec2012 a274 aHindi cBK c16916d16916